000
00288nam a2200109Ia 4500
008
200302s9999 xx 000 0 und d
100
_a
Janet Marinelli
245
_a
The Naturally Elegant Home Environmental Style
260
_b
Little Brown and Co. Ltd.
260
_c
1992
300
_a
224 P.,
999
_c
2394
_d
2394